| 000 | 00485cam a22002051 4500 | ||
|---|---|---|---|
| 001 | ne 63000037 | ||
| 003 | DLC | ||
| 005 | 20260227111739.0 | ||
| 008 | 890620s1962 xx 000 0 ara | ||
| 010 | _ane 63000037 | ||
| 035 | _a(OCoLC)23487469 | ||
| 040 |
_aDLC _cMiU _dDLC |
||
| 042 | _apremarc | ||
| 050 | 0 | 0 |
_aDT107.83 _b.N37 |
| 100 | 1 |
_aNasser, Gamal Abdel, _d1918-1970. |
|
| 245 | 0 | 0 | _aKhuá¹ab. |
| 260 | _c[1962. 197] | ||
| 300 |
_a127 p. _c28 cm. |
||
| 500 | _aRomanized. | ||
| 999 |
_c45403 _d45403 |
||